ASOIAF Characters by Journey II Quiz Stats

Quiz Updated Jan 11, 2016

Challenge
Share
Tweet
Score 0/20 Timer 10:00
5 Plays Today
% Correct
Tywin Lannister
88.5%
Catelyn Stark
87%
Margaery Tyrell
85.7%
Cersei Lannister
81.4%
Petyr Baelish
81.1%
Khal Drogo
70.1%
Jojen & Meera Reed
65.2%
Robert Baratheon
61.5%
Melisandre
61.3%
Arianne Martell
60.7%
% Correct
Mance Rayder
58.9%
Viserys Targaryen
58.1%
Aeron Greyjoy
57%
Renly Baratheon
54.8%
Roose Bolton
54.4%
Loras Tyrell
53.1%
Arys Oakheart
51.8%
Bronn
44.5%
Sandor Clegane
44%
Gendry
27.1%

You're not logged in!

Compare scores with friends on all Sporcle quizzes.
Join for Free
OR
Log In

You Might Also Like...

Show Comments

Extras

Top Quizzes Today


Score Distribution

Your Account Isn't Verified!

In order to create a playlist on Sporcle, you need to verify the email address you used during registration. Go to your Sporcle Settings to finish the process.

Report this User

Report this user for behavior that violates our Community Guidelines.

Details: